header

Three Days In a River Canoe (Record no. 261936)

MARC details
000 -LEADER
fixed length control field 00230nam a22000977a 4500
020 ## - INTERNATIONAL STANDARD BOOK NUMBER
ISBN 0688803075
100 ## - MAIN ENTRY--AUTHOR NAME
Personal name Vera B. Williams
245 ## - TITLE STATEMENT
Title Three Days In a River Canoe
260 ## - PUBLICATION, DISTRIBUTION, ETC. (IMPRINT)
Place of publication New York
Name of publisher Greenwillow Books
Year of publication 1981
942 ## - ADDED ENTRY ELEMENTS (KOHA)
Koha item type Long Loan Books
Holdings
Withdrawn status Lost status Collection code Home library Current library Shelving location Date acquired Accession Number Koha item type
    Fiction Rongo University Library Rongo University Library Children's Area 28/11/2023 CL20222596 Long Loan Books

© 2026 Rongo University
Contact us: librarian | system librarian | Rongo university